Eurovision 2025 - All Songs - Statistics

General Stats
  • This quiz has been taken 460 times
    379 since last reset
  • The average score is 28 of 37
Answer Stats
Country Answer Artist % Correct
Australia Milkshake Man Go-Jo
95%
Austria Wasted Love JJ
93%
Armenia Survivor Parg
91%
Finland Ich Komme Erika Vikman
89%
Albania Zjerm Shkodra Elektronike
88%
Croatia Poison Cake Marko Bošnjak
87%
Germany Baller Abor & Tynna
86%
Denmark Hallucination Sissal
86%
Norway Lighter Kyle Alessandro
85%
Czechia Kiss Kiss Goodbye Adonxs
84%
Ireland Laika Party Emmy
84%
Malta Serving Miriana Conte
84%
France Maman Louane
83%
Cyprus Shh Theo Evan
83%
Belgium Strobe Lights Red Sebastian
83%
Iceland Róa Væb
81%
Estonia Espresso Macchiato Tommy Cash
80%
Poland Gaja Justyna Steczkowska
79%
Israel New Day Will Rise Yuval Raphael
77%
Greece Asteromáta Klavdia
76%
Netherlands C’est La Vie Claude
75%
Sweden Bara Bada Bastu KAJ
73%
Azerbaijan Run With U Mamagama
73%
San Marino Tutta l'Italia Gabry Ponte
73%
Georgia Freedom Mariam Shengelia
72%
Switzerland Voyage Zoë Më
72%
Spain Esa Diva Melody
71%
Serbia Mila Princ
68%
United Kingdom What The Hell Just Happened? Remember Monday
68%
Ukraine Bird of Pray Ziferblat
66%
Lithuania Tavo Akys Katarsis
65%
Slovenia How Much Time Do We Have Left Klemen
61%
Montenegro Dobrodošli Nina Žižić
59%
Portugal Deslocado Napa
57%
Latvia Bur man laimi Tautumeitas
56%
Luxembourg La poupée monte le son Laura Thorn
55%
Italy Volevo essere un duro Lucio Corsi
55%
No matching quizzes found
Score Distribution
Percent of People with Each Score
Percentile by Number Answered
Your Score History
You have not taken this quiz since the last reset